The story of western architecture / (Запис № 553042)

МАРК-запис
000 -LEADER
fixed length control field 01357cam a2200325 i 4500
001 - CONTROL NUMBER
control field storyofwesternar00rise
003 - CONTROL NUMBER IDENTIFIER
control field CaSfIA
005 - DATE AND TIME OF LATEST TRANSACTION
control field 20210119084839.0
007 - PHYSICAL DESCRIPTION FIXED FIELD--GENERAL INFORMATION
fixed length control field cr||||
008 - FIXED-LENGTH DATA ELEMENTS--GENERAL INFORMATION
fixed length control field 790912s1979 nyua b 001 0 eng
035 ## - SYSTEM CONTROL NUMBER
-- (DLC) 78065646
010 ## - LIBRARY OF CONGRESS CONTROL NUMBER
LC control number 78065646
020 ## - INTERNATIONAL STANDARD BOOK NUMBER
International Standard Book Number 0684160501 :
Terms of availability 12.95
040 ## - CATALOGING SOURCE
Original cataloging agency DLC
Transcribing agency DLC
Modifying agency DLC
-- CaSfIA
050 00 - LIBRARY OF CONGRESS CALL NUMBER
Classification number NA200
Item number .R57
082 00 - DEWEY DECIMAL CLASSIFICATION NUMBER
Classification number 720/.9
100 1# - MAIN ENTRY--PERSONAL NAME
Personal name Risebero, Bill,
Dates associated with a name 1938-
245 14 - TITLE STATEMENT
Title The story of western architecture /
Medium [electronic resource]
Statement of responsibility, etc Bill Risebero.
260 ## - PUBLICATION, DISTRIBUTION, ETC. (IMPRINT)
Place of publication, distribution, etc New York :
Name of publisher, distributor, etc Scribner,
Date of publication, distribution, etc c1979.
300 ## - PHYSICAL DESCRIPTION
Extent 272 p. :
Other physical details ill. ;
Dimensions 26 cm.
504 ## - BIBLIOGRAPHY, ETC. NOTE
Bibliography, etc Bibliography: p. 264-265.
500 ## - GENERAL NOTE
General note Includes index.
506 ## - RESTRICTIONS ON ACCESS NOTE
Standardized terminology for access restriction Необхідна авторизація на https://archive.org/ (створення облікового запису безкоштовно)
506 ## - RESTRICTIONS ON ACCESS NOTE
Standardized terminology for access restriction Необхідна авторизація на https://openlibrary.org/ (створення облікового запису безкоштовно)
650 #0 - SUBJECT ADDED ENTRY--TOPICAL TERM
Topical term or geographic name as entry element Architecture, Western
General subdivision History.
650 #0 - SUBJECT ADDED ENTRY--TOPICAL TERM
Topical term or geographic name as entry element Architecture and society
General subdivision History.
856 41 - ELECTRONIC LOCATION AND ACCESS
Uniform Resource Identifier <a href="http://www.archive.org/details/storyofwesternar00rise">http://www.archive.org/details/storyofwesternar00rise</a>
Public note Free eBook from the Internet Archive
856 42 - ELECTRONIC LOCATION AND ACCESS
Uniform Resource Identifier <a href="http://www.openlibrary.org/books/OL4747369M">http://www.openlibrary.org/books/OL4747369M</a>
Public note Additional information and access via Open Library
942 ## - ADDED ENTRY ELEMENTS (KOHA)
Koha item type ЕКнига

Немає доступних примірників.